| 000 | 00651nam a2200253Ia 4500 | ||
|---|---|---|---|
| 008 | 170203s9999 xx 000 0 und d | ||
| 020 | _a0-54520397x | ||
| 050 | _aFic | ||
| 050 | _b.C929w 2008 | ||
| 100 | _aCrimi, Carolyn | ||
| 245 | _aWhere's my mummy? / | ||
| 245 | _cCarolyn Crimi ; illustrated by John Manders. | ||
| 260 | _aNew York : | ||
| 260 | _bScholastic Inc. | ||
| 260 | _c2008 | ||
| 300 | _bcolor illustrations ; | ||
| 300 | _c28 cm. | ||
| 650 | _aBedtime -- | ||
| 650 | _aMother and child -- | ||
| 650 | _aMummies -- | ||
| 650 | _xJuvenile fiction. | ||
| 650 | _xJuvenile fiction. | ||
| 650 | _xJuvenile fiction. | ||
| 999 |
_c306177 _d306177 |
||